| 000 | 01320cam a2200325 a 4500 | ||
|---|---|---|---|
| 999 |
_c9787 _d9787 |
||
| 001 | 2541132 | ||
| 003 | OSt | ||
| 005 | 20210204151625.0 | ||
| 008 | 940328r19941960tnu bd 001 0 eng | ||
| 010 | _a 94015181 | ||
| 020 |
_a0785280936 : _c$19.99 |
||
| 040 |
_aDLC _cDLC _dDLC |
||
| 050 | 0 | 0 |
_aBS440 _bB851K |
| 082 | 0 | 0 |
_a220.5/2033 _220 _bB851K |
| 100 | 1 | _aBridges, Ronald F. | |
| 240 | 1 | 0 | _aBible word book |
| 245 | 1 | 4 |
_aThe King James Bible word book : _ba contemporary dictionary of curious and archaic words found in the King James Version of the Bible / _cby Ronald Bridges and Luther A. Weigle. |
| 260 |
_aNashville : _bT. Nelson, _cc1994. |
||
| 300 |
_avii, 422 p. ; _c24 cm. |
||
| 500 | _aOriginally published: The Bible word book. 1960. | ||
| 504 | _aIncludes bibliographical references (p. vii) and index. | ||
| 630 | 0 | 0 |
_aBible. _lEnglish _xGlossaries, vocabularies, etc. |
| 630 | 0 | 0 |
_aBible. _lEnglish _xVersions _xAuthorized. |
| 650 | 0 |
_aEnglish language _xEtymology. |
|
| 700 | 1 |
_aWeigle, Luther Allan, _d1880-1976. |
|
| 856 | 4 | 2 |
_3Publisher description _uhttp://www.loc.gov/catdir/enhancements/fy0609/94015181-d.html |
| 906 |
_a7 _bcbc _corignew _d1 _eocip _f19 _gy-gencatlg |
||
| 942 |
_2ddc _cBK |
||